[Event "1617LLO"]
[Site "Mecklenburg-Vorpommern"]
[Date "2016.12.04"]
[Round "4.5"]
[White "Greinert, Timo"]
[Black "Wegner, Michael"]
[Result "1-0"]
[WhiteElo "1805"]
[BlackElo "1604"]
[PlyCount "77"]
[EventDate "2016.11.06"]
[EventType "team-tourn"]
[EventRounds "9"]
[SourceDate "2016.10.16"]
[WhiteTeam "SAV Torgelow-Droegeheide II"]
[BlackTeam "SSC Rostock III"]

1. c4 c5 2. Nf3 Nc6 3. Nc3 Nf6 4. e3 d6 5. a3 Bg4 6. Be2 e6 7. Rb1 Be7 8. b4
cxb4 9. axb4 O-O 10. d4 b6 11. O-O a5 12. b5 Nb8 13. Ba3 Nbd7 14. Nd2 Bxe2 15.
Qxe2 Rc8 16. e4 Re8 17. Rfd1 Qc7 18. f4 e5 19. fxe5 dxe5 20. Bxe7 Rxe7 21. d5
Ne8 22. Rdc1 Nd6 23. Na4 Nc5 24. Nb2 f5 25. exf5 Nxf5 26. Nd3 Rce8 27. Ne4 Nxe4
28. Qxe4 Nd6 29. Qh4 e4 30. Nf4 Qc5+ 31. Kh1 Nf5 32. Qg5 Nd4 33. Nh5 Ne2 34.
Nf6+ Kf8 35. Nxe8 Nxc1 36. Qxc1 Rxe8 37. Qf4+ Kg8 38. Rf1 e3 39. Qf7+ 1-0

[Event "1617LLO"]
[Site "Mecklenburg-Vorpommern"]
[Date "2016.12.04"]
[Round "4.6"]
[White "Worm, Alfred"]
[Black "Schmekel, Matthias"]
[Result "0-1"]
[WhiteElo "1591"]
[BlackElo "1527"]
[PlyCount "79"]
[EventDate "2016.11.06"]
[EventType "team-tourn"]
[EventRounds "9"]
[SourceDate "2016.10.16"]
[WhiteTeam "SSC Rostock III"]
[BlackTeam "SAV Torgelow-Droegeheide II"]

1. e4 c5 2. Nf3 e6 3. c3 d5 4. e5 Nc6 5. d4 cxd4 6. cxd4 Qb6 7. Nc3 Bb4 8. a3
Be7 9. Be2 f6 10. O-O fxe5 11. dxe5 a6 12. b4 Qc7 13. Bb2 Nh6 14. Rc1 Nf5 15.
Re1 Bd7 16. Na4 O-O 17. Nd4 Qd8 18. Nxf5 Rxf5 19. Bd3 Rf7 20. Qh5 g6 21. Qg4
Bg5 22. Nc5 Rf4 23. Qg3 Bc8 24. Rcd1 Ne7 25. Bc1 Nf5 26. Bxf5 Rxf5 27. Bxg5
Rxg5 28. Qe3 b6 29. Nb3 Bb7 30. Nd4 Qe7 31. Nxe6 Rxg2+ 32. Kxg2 d4+ 33. f3 dxe3
34. Nd4 Qg5+ 35. Kf1 Qxe5 36. Re2 Rd8 37. Rde1 Rxd4 38. Rxe3 Qb5+ 39. Kg2 Rd2+
40. Kh1 0-1

[Event "1617LLO"]
[Site "Mecklenburg-Vorpommern"]
[Date "2016.12.04"]
[Round "4.7"]
[White "Schmidt, Paul"]
[Black "Raitza, Egon"]
[Result "1-0"]
[WhiteElo "1424"]
[BlackElo "1559"]
[PlyCount "85"]
[EventDate "2016.11.06"]
[EventType "team-tourn"]
[EventRounds "9"]
[SourceDate "2016.10.16"]
[WhiteTeam "SAV Torgelow-Droegeheide II"]
[BlackTeam "SSC Rostock III"]

1. e4 e6 2. d4 d5 3. Nc3 dxe4 4. Nxe4 Nd7 5. Nf3 Ngf6 6. Bd3 Nxe4 7. Bxe4 Nf6
8. Bd3 c5 9. O-O Bd7 10. Re1 cxd4 11. Nxd4 Be7 12. Qf3 Qb6 13. c3 O-O 14. b4
Rac8 15. Be3 Qc7 16. Bd2 a6 17. Rac1 Bd6 18. h3 Rfe8 19. c4 e5 20. Nf5 Bc6 21.
Qg3 Nh5 22. Qg5 g6 23. Nh6+ Kh8 24. g4 f6 25. Qh4 Ng7 26. Qxf6 Rf8 27. Qh4 Be8
28. c5 Be7 29. Qg3 Qd8 30. Rxe5 Bh4 31. Rxe8 Qxe8 32. Qxh4 Qd8 33. Qg3 Rc7 34.
Bc3 Rd7 35. Bc4 Qg5 36. Qe3 Qd8 37. Re1 Rd1 38. Nf7+ Rxf7 39. Bxf7 Rxe1+ 40.
Qxe1 h5 41. Qe8+ Qxe8 42. Bxe8 Kh7 43. Bxg7 1-0

[Event "1617LLO"]
[Site "Mecklenburg-Vorpommern"]
[Date "2016.12.04"]
[Round "4.8"]
[White "Wurst, Oliver"]
[Black "Plock, Joerg"]
[Result "1-0"]
[WhiteElo "1557"]
[BlackElo "1621"]
[PlyCount "75"]
[EventDate "2016.11.06"]
[EventType "team-tourn"]
[EventRounds "9"]
[SourceDate "2016.10.16"]
[WhiteTeam "SSC Rostock III"]
[BlackTeam "SAV Torgelow-Droegeheide II"]

1. d4 Nf6 2. c4 e6 3. Nc3 Bb4 4. Qc2 O-O 5. e3 d5 6. Nf3 Nbd7 7. a3 Bxc3+ 8.
bxc3 Ne4 9. cxd5 exd5 10. Bd3 Ndf6 11. O-O Bf5 12. Ne5 Bg6 13. Nxg6 hxg6 14.
Rb1 Rb8 15. c4 c6 16. cxd5 Qxd5 17. Qa4 Nc3 18. Qxa7 Nxb1 19. Bxb1 Qd7 20. Qb6
Nd5 21. Qb3 b5 22. Bd2 Nb6 23. Bb4 Rfe8 24. Bxg6 Nc4 25. Bd3 Qd5 26. Bxc4 bxc4
27. Qc3 Re6 28. Rc1 Rg6 29. g3 Qf3 30. Qxc4 Rb5 31. Qf1 Rh5 32. Qg2 Qf6 33. Rc5
Rh7 34. Re5 Qd8 35. Qe4 Re6 36. Rxe6 fxe6 37. Qxe6+ Kh8 38. Qxc6 1-0

[Event "1617LLO"]
[Site "Mecklenburg-Vorpommern"]
[Date "2016.12.04"]
[Round "4.1"]
[White "Moeller, Peter"]
[Black "Voelschow, Siegfried"]
[Result "1/2-1/2"]
[WhiteElo "1962"]
[BlackElo "1938"]
[PlyCount "57"]
[EventDate "2016.11.06"]
[EventType "team-tourn"]
[EventRounds "9"]
[SourceDate "2016.10.16"]
[WhiteTeam "HSG Uni Rostock"]
[BlackTeam "Waterkant Saal"]

1. d4 Nf6 2. Bf4 d5 3. e3 Bf5 4. c4 c6 5. Qb3 Qb6 6. c5 Qxb3 7. axb3 Nbd7 8.
Nc3 a6 9. f3 Nh5 10. Bg5 Bc2 11. b4 f6 12. Bh4 g5 13. Bf2 e5 14. Kd2 Bg6 15.
Nge2 f5 16. b5 f4 17. g4 fxe3+ 18. Bxe3 Nf4 19. Nxf4 gxf4 20. Bf2 Bg7 21. bxc6
bxc6 22. dxe5 Nxe5 23. Be2 O-O 24. h4 h6 25. h5 Bh7 26. Na4 Nc4+ 27. Bxc4 dxc4
28. Rad1 Rad8+ 29. Kc1 1/2-1/2

[Event "1617LLO"]
[Site "Mecklenburg-Vorpommern"]
[Date "2016.12.04"]
[Round "4.2"]
[White "Schwarz, Eckhard"]
[Black "Hammel, Ralf"]
[Result "0-1"]
[WhiteElo "1854"]
[BlackElo "1928"]
[PlyCount "110"]
[EventDate "2016.11.06"]
[EventType "team-tourn"]
[EventRounds "9"]
[SourceDate "2016.10.16"]
[WhiteTeam "Waterkant Saal"]
[BlackTeam "HSG Uni Rostock"]

1. e4 e6 2. d4 d5 3. exd5 exd5 4. Nf3 Bg4 5. Be2 Bd6 6. O-O Ne7 7. h3 Bh5 8.
Re1 Nbc6 9. Nbd2 Qd7 10. Ne5 Bxe2 11. Rxe2 Bxe5 12. dxe5 Ng6 13. Nf3 O-O-O 14.
c3 Rde8 15. Qa4 a6 16. Bd2 Ncxe5 17. Qxd7+ Kxd7 18. Nxe5+ Rxe5 19. Rae1 Rhe8
20. Kf1 Rxe2 21. Rxe2 Rxe2 22. Kxe2 c5 23. b3 b5 24. g4 Kd6 25. f4 Ne7 26. Kd3
f5 27. g5 Nc6 28. a3 a5 29. Be1 a4 30. b4 cxb4 31. cxb4 h6 32. gxh6 gxh6 33.
Bc3 Ke6 34. Bg7 h5 35. Bf8 Kd7 36. Bc5 Ke8 37. Bd6 Kf7 38. Bc5 Nd8 39. Bd6 Ne6
40. Ke3 Ke8 41. Kd3 d4 42. Be5 Kd7 43. Bb8 Kc6 44. Be5 Kd5 45. Bb8 Nf8 46. Bc7
Ng6 47. Bb8 Nh4 48. Be5 Nf3 49. Bg7 Ne1+ 50. Kd2 Ng2 51. Be5 Ke4 52. Bf6 Nxf4
53. h4 Ng2 54. Ke2 f4 55. Kf2 Ne3 0-1

[Event "1617LLO"]
[Site "Mecklenburg-Vorpommern"]
[Date "2016.12.04"]
[Round "4.4"]
[White "Onasch, Gunnar"]
[Black "Ivanov, Sergey V"]
[Result "0-1"]
[WhiteElo "1804"]
[BlackElo "1735"]
[PlyCount "58"]
[EventDate "2016.11.06"]
[EventType "team-tourn"]
[EventRounds "9"]
[SourceDate "2016.10.16"]
[WhiteTeam "Waterkant Saal"]
[BlackTeam "HSG Uni Rostock"]

1. d4 f5 2. g3 Nf6 3. c4 e6 4. Bg2 Be7 5. Nf3 O-O 6. O-O d6 7. Nc3 Ne4 8. Qc2
Nxc3 9. Qxc3 Nd7 10. Re1 Bf6 11. Qc2 Qe8 12. e4 fxe4 13. Qxe4 e5 14. Bd2 Qf7
15. d5 Nc5 16. Qc2 a5 17. Be3 b6 18. Nd2 Qh5 19. Ne4 Bf5 20. Bxc5 bxc5 21.
Nxf6+ Rxf6 22. Be4 Bh3 23. Rad1 Raf8 24. Rd2 Rh6 25. a3 Bg4 26. h4 g5 27. hxg5
Qxg5 28. Qc3 Qh5 29. Qe3 Rf3 0-1

[Event "1617LLO"]
[Site "Mecklenburg-Vorpommern"]
[Date "2016.12.04"]
[Round "4.5"]
[White "Sager, Bernd"]
[Black "Richter, Frank"]
[Result "1/2-1/2"]
[WhiteElo "1795"]
[BlackElo "1691"]
[PlyCount "60"]
[EventDate "2016.11.06"]
[EventType "team-tourn"]
[EventRounds "9"]
[SourceDate "2016.10.16"]
[WhiteTeam "HSG Uni Rostock"]
[BlackTeam "Waterkant Saal"]

1. d4 Nf6 2. c4 e6 3. Nc3 Bb4 4. a3 Bxc3+ 5. bxc3 b6 6. Nf3 Bb7 7. e3 O-O 8.
Be2 d6 9. O-O Nbd7 10. a4 a5 11. Ba3 Ne4 12. Qc2 f5 13. Nd2 Nxd2 14. Qxd2 Qg5
15. f3 f4 16. e4 Rf6 17. Bd3 Rh6 18. Rab1 Qh4 19. h3 Qg3 20. Kh1 Ba6 21. Qf2
Qg5 22. Rfd1 Bc8 23. c5 dxc5 24. dxc5 bxc5 25. Bc4 Nb6 26. Bb5 e5 27. Kh2 Be6
28. Bxc5 Rd8 29. Rxd8+ Qxd8 30. Qe1 Qc8 1/2-1/2

[Event "1617LLO"]
[Site "Mecklenburg-Vorpommern"]
[Date "2016.12.04"]
[Round "4.6"]
[White "Nickel, Reimo"]
[Black "Schroeder, Christian"]
[Result "0-1"]
[WhiteElo "1712"]
[BlackElo "1751"]
[PlyCount "97"]
[EventDate "2016.11.06"]
[EventType "team-tourn"]
[EventRounds "9"]
[SourceDate "2016.10.16"]
[WhiteTeam "Waterkant Saal"]
[BlackTeam "HSG Uni Rostock"]

1. d4 d5 2. c4 c6 3. Nf3 Nf6 4. Nc3 Bf5 5. cxd5 cxd5 6. Qb3 b6 7. Bg5 e6 8. Ne5
Be7 9. Qa4+ Nfd7 10. Bxe7 Qxe7 11. e3 O-O 12. Nxd7 Nxd7 13. Bb5 Nf6 14. O-O a6
15. Be2 b5 16. Qd1 Rfc8 17. a3 Rc6 18. Na2 Rc2 19. Rb1 Rxe2 20. Qxe2 Bxb1 21.
Rxb1 Rc8 22. f3 e5 23. Qd2 Rc4 24. Rc1 exd4 25. Rxc4 dxc4 26. Qxd4 Qd7 27. Qxd7
Nxd7 28. Kf2 Nc5 29. Nc1 Kf8 30. Ke2 Ke7 31. Kd2 Kd6 32. Na2 Nd3 33. Kc3 Ne1
34. Nb4 a5 35. Nc2 Nxg2 36. Nd4 Nxe3 37. Nxb5+ Kc5 38. Nc7 Nd5+ 39. Nxd5 Kxd5
40. b4 cxb3 41. Kxb3 g5 42. Kc3 Ke5 43. Kc4 f5 44. a4 g4 45. fxg4 fxg4 46. Kd3
Kf4 47. Ke2 h5 48. Kf2 h4 49. Kg2 0-1

[Event "1617LLO"]
[Site "Mecklenburg-Vorpommern"]
[Date "2016.12.04"]
[Round "4.7"]
[White "Lueth, Jochen"]
[Black "Ehmann, Roland"]
[Result "1-0"]
[WhiteElo "1579"]
[BlackElo "1540"]
[PlyCount "131"]
[EventDate "2016.11.06"]
[EventType "team-tourn"]
[EventRounds "9"]
[SourceDate "2016.10.16"]
[WhiteTeam "HSG Uni Rostock"]
[BlackTeam "Waterkant Saal"]

1. e4 e5 2. Nf3 Nf6 3. Nxe5 d6 4. Nf3 Nxe4 5. Qe2 Qe7 6. d3 Nf6 7. Bg5 Qxe2+ 8.
Bxe2 Be7 9. Nc3 c6 10. Ne4 Nbd7 11. h3 d5 12. Nxf6+ Bxf6 13. Bxf6 Nxf6 14.
O-O-O O-O 15. g4 Re8 16. Ng1 d4 17. Bf3 Be6 18. Kb1 Rab8 19. Ne2 c5 20. Nf4 g5
21. Nxe6 Rxe6 22. h4 h6 23. hxg5 hxg5 24. a3 b6 25. Ka2 Rbe8 26. a4 a5 27. Kb3
Kg7 28. Rdf1 Re5 29. Kc4 R5e6 30. Kb5 R8e7 31. Bd1 Nd5 32. Bf3 Nf6 33. Rc1 Rd6
34. Rce1 Rde6 35. Rxe6 Rxe6 36. Rf1 Kf8 37. b3 Kg7 38. Bc6 Re2 39. Kxb6 Rxc2
40. f3 Rc3 41. Bb5 Nd5+ 42. Kxa5 Nf4 43. Bc4 Nxd3 44. Kb5 Nb2 45. a5 d3 46. a6
d2 47. a7 Nxc4 48. bxc4 Rc1 49. Rxc1 dxc1=Q 50. a8=Q Qc3 51. Qd5 Qe3 52. Qe4
Qa3 53. Kc6 f6 54. Kd6 Qb4 55. Kd5 Qa3 56. Qe7+ Kg6 57. Qe8+ Kg7 58. Qe4 Qb4
59. Qe7+ Kg6 60. Qxc5 Qc3 61. Qf2 Qe5+ 62. Kc6 Qe6+ 63. Kb5 Qd7+ 64. Kb4 Qb7+
65. Kc3 Qc6 66. c5 1-0

[Event "1617LLO"]
[Site "Mecklenburg-Vorpommern"]
[Date "2016.12.04"]
[Round "4.8"]
[White "Hiltner, Harald"]
[Black "Stender, Wilfried"]
[Result "1/2-1/2"]
[WhiteElo "1518"]
[BlackElo "1174"]
[PlyCount "29"]
[EventDate "2016.11.06"]
[EventType "team-tourn"]
[EventRounds "9"]
[SourceDate "2016.10.16"]
[WhiteTeam "Waterkant Saal"]
[BlackTeam "HSG Uni Rostock"]

1. e4 c6 2. Nf3 d5 3. exd5 cxd5 4. d4 Nf6 5. c3 Bg4 6. Be2 e6 7. h3 Bxf3 8.
Bxf3 Bd6 9. Bg5 h6 10. Bh4 Nbd7 11. O-O O-O 12. Nd2 Qc7 13. Bxf6 Nxf6 14. Re1
Rfe8 15. Nf1 1/2-1/2

[Event "1617LLO"]
[Site "Mecklenburg-Vorpommern"]
[Date "2016.12.04"]
[Round "4.1"]
[White "Luethke, Hans Eckart"]
[Black "Stork, Michael"]
[Result "1-0"]
[WhiteElo "2099"]
[BlackElo "2021"]
[PlyCount "91"]
[EventDate "2016.11.06"]
[EventType "team-tourn"]
[EventRounds "9"]
[SourceDate "2016.10.16"]
[WhiteTeam "SSC Graal-Mueritz"]
[BlackTeam "Waren/Malchow"]

1. e4 c5 2. Nf3 d6 3. c3 Nf6 4. Be2 Bd7 5. d3 Nc6 6. O-O g6 7. Bg5 Bg7 8. Qd2
O-O 9. Na3 Rb8 10. Bh6 b5 11. Bxg7 Kxg7 12. Nc2 b4 13. cxb4 Nxb4 14. Na3 Be6
15. b3 Nc6 16. Ng5 Nd4 17. Nc2 Nxc2 18. Nxe6+ fxe6 19. Qxc2 e5 20. Qd2 Nd7 21.
g3 Rf6 22. Bg4 e6 23. f4 Qb6 24. Rf2 Qb4 25. Qb2 Qd4 26. Qxd4 cxd4 27. Rc1 Nc5
28. Be2 Rbf8 29. b4 Na4 30. Rc7+ R8f7 31. Rxf7+ Rxf7 32. Bd1 Nc3 33. Bb3 exf4
34. Bxe6 Rf6 35. Bc4 fxg3 36. hxg3 Rxf2 37. Kxf2 Kf6 38. Bb3 g5 39. a4 h5 40.
a5 Nb5 41. Bc4 Nc3 42. b5 Na4 43. b6 axb6 44. a6 b5 45. Bxb5 Nb6 46. a7 1-0

[Event "1617LLO"]
[Site "Mecklenburg-Vorpommern"]
[Date "2016.12.04"]
[Round "4.2"]
[White "Schumacher, Albrecht"]
[Black "Van Bentum, Horst"]
[Result "1/2-1/2"]
[WhiteElo "1961"]
[BlackElo "1945"]
[PlyCount "126"]
[EventDate "2016.11.06"]
[EventType "team-tourn"]
[EventRounds "9"]
[SourceDate "2016.10.16"]
[WhiteTeam "Waren/Malchow"]
[BlackTeam "SSC Graal-Mueritz"]

1. e4 e5 2. Nf3 Nc6 3. Bb5 a6 4. Ba4 Nf6 5. O-O Be7 6. d3 b5 7. Bb3 d6 8. c3
O-O 9. Nbd2 Na5 10. Bc2 c5 11. Re1 Qc7 12. Nf1 Nc6 13. Bg5 Ne8 14. Ne3 Bxg5 15.
Nxg5 h6 16. Nf3 Be6 17. d4 cxd4 18. cxd4 exd4 19. Nxd4 Nxd4 20. Qxd4 Qc5 21.
Red1 Rc8 22. Bb3 Qxd4 23. Rxd4 Bxb3 24. axb3 Rc6 25. Rad1 f6 26. Kf1 g6 27. Ke2
Rf7 28. f4 Ra7 29. R4d3 Kf7 30. Rc3 Rac7 31. Nd5 Rxc3 32. bxc3 Rc6 33. Ra1 Nc7
34. Nxc7 Rxc7 35. Kd3 Rc6 36. Kd4 Ke6 37. g4 g5 38. Rf1 gxf4 39. Rxf4 Rc5 40.
Rf5 Rc6 41. Rh5 a5 42. Rxb5 Ra6 43. Rh5 a4 44. bxa4 Rxa4+ 45. Kd3 Ra1 46. Rxh6
Rg1 47. h3 Ke5 48. Rh5+ Ke6 49. Ke3 Rc1 50. Kf4 Rxc3 51. Rh6 Kf7 52. h4 Rc1 53.
Rh7+ Kg6 54. Rd7 Rf1+ 55. Kg3 Rg1+ 56. Kf3 Rf1+ 57. Kg2 Rf4 58. Kg3 Rxe4 59.
Rxd6 Re1 60. Rd3 Rg1+ 61. Kf4 Rf1+ 62. Rf3 Rb1 63. Kg3 Rg1+ 1/2-1/2

[Event "1617LLO"]
[Site "Mecklenburg-Vorpommern"]
[Date "2016.12.04"]
[Round "4.3"]
[White "Laser, Dirk"]
[Black "Arning, Norbert"]
[Result "1-0"]
[WhiteElo "1805"]
[BlackElo "1939"]
[PlyCount "131"]
[EventDate "2016.11.06"]
[EventType "team-tourn"]
[EventRounds "9"]
[SourceDate "2016.10.16"]
[WhiteTeam "SSC Graal-Mueritz"]
[BlackTeam "Waren/Malchow"]

1. e4 e5 2. f4 exf4 3. Nf3 h6 4. d4 g5 5. Nc3 Bg7 6. g3 fxg3 7. hxg3 d6 8. Be3
c6 9. Qd2 Bg4 10. Be2 Bxf3 11. Bxf3 Nd7 12. O-O-O Qa5 13. Rhe1 O-O-O 14. Kb1
Ne7 15. Qf2 Rhf8 16. g4 Nb6 17. Be2 Na4 18. Nxa4 Qxa4 19. Rd3 Qa6 20. Rb3 b5
21. d5 c5 22. Bxb5 Qa5 23. Bxc5 Kc7 24. c4 Rb8 25. Bxa7 Rb7 26. Ra3 Qb4 27. Ra4
Rxb5 28. Rxb4 Rxb4 29. Bd4 f6 30. Rc1 Rfb8 31. c5 dxc5 32. Rxc5+ Kd7 33. a3 Rb3
34. Ka2 R8b7 35. Qe2 Ng6 36. Qa6 Nf4 37. Qc6+ Ke7 38. d6+ Kf7 39. d7 Ne6 40.
Qd5 Ke7 41. d8=Q+ Nxd8 42. Rc2 Ne6 43. Bc3 R3b5 44. Bb4+ Kf7 45. Rc5 R5b6 46.
Rc6 Rxc6 47. Qxc6 Rc7 48. Qd5 Ra7 49. b3 Rc7 50. a4 h5 51. gxh5 g4 52. Qf5 Rc2+
53. Kb1 Rh2 54. Bd6 Rh1+ 55. Ka2 Rd1 56. e5 Rd2+ 57. Ka3 Nd4 58. Qg6+ Ke6 59.
Qxg7 Nc2+ 60. Kb2 Ne3+ 61. Kc1 Rc2+ 62. Kb1 Rf2 63. Qe7+ Kd5 64. exf6 Nf5 65.
Qe5+ Kc6 66. Qc5+ 1-0

[Event "1617LLO"]
[Site "Mecklenburg-Vorpommern"]
[Date "2016.12.04"]
[Round "4.4"]
[White "Schmidt, Joerg"]
[Black "Lechnauer, Uwe"]
[Result "0-1"]
[WhiteElo "1878"]
[BlackElo "1765"]
[PlyCount "70"]
[EventDate "2016.11.06"]
[EventType "team-tourn"]
[EventRounds "9"]
[SourceDate "2016.10.16"]
[WhiteTeam "Waren/Malchow"]
[BlackTeam "SSC Graal-Mueritz"]

1. Nf3 d5 2. d4 Nd7 3. g3 Ngf6 4. Bg2 e6 5. O-O Ne4 6. c4 c6 7. Qc2 Be7 8. Nc3
f5 9. Ne5 Nxe5 10. dxe5 Qc7 11. f3 Qb6+ 12. e3 Nxc3 13. Qxc3 Bd7 14. a3 g5 15.
Kh1 Qc5 16. b4 Qxc4 17. Qd2 c5 18. bxc5 Bxc5 19. Rd1 h6 20. e4 fxe4 21. fxe4
Rf8 22. exd5 Rf2 23. Qd3 Qxd3 24. Rxd3 exd5 25. Bxd5 Rf1+ 26. Kg2 Rg1+ 27. Kf3
Ke7 28. e6 Rf8+ 29. Kg4 Bxe6+ 30. Bxe6 Kxe6 31. Bb2 Rxa1 32. Bxa1 Rf2 33. h3
Kf7 34. Rd7+ Be7 35. Rxb7 Kg6 0-1

[Event "1617LLO"]
[Site "Mecklenburg-Vorpommern"]
[Date "2016.12.04"]
[Round "4.5"]
[White "Schumann, Lutz"]
[Black "Hertel Mach, Frank"]
[Result "0-1"]
[WhiteElo "1764"]
[BlackElo "1807"]
[PlyCount "134"]
[EventDate "2016.11.06"]
[EventType "team-tourn"]
[EventRounds "9"]
[SourceDate "2016.10.16"]
[WhiteTeam "SSC Graal-Mueritz"]
[BlackTeam "Waren/Malchow"]

1. c4 e5 2. g3 f5 3. Nf3 Nc6 4. d3 Nf6 5. Bg2 Be7 6. O-O O-O 7. Nc3 d6 8. Rb1
Qe8 9. b4 Nd8 10. Qc2 Ne6 11. Nd5 Bd8 12. e3 c6 13. Nc3 Qh5 14. c5 Bc7 15. cxd6
Bxd6 16. b5 Bd7 17. Qb3 Rfe8 18. Ba3 Bc7 19. Nh4 Kh8 20. Bf3 Qg5 21. bxc6 bxc6
22. Ng2 Nd8 23. Qc2 Ng4 24. Nb5 Bb8 25. Nd6 Qh6 26. Bxg4 Bxd6 27. Bxd6 Qxd6 28.
Bf3 Rc8 29. Rfc1 Ne6 30. Rb7 Ng5 31. Bh5 g6 32. Bd1 Rc7 33. Rxc7 Qxc7 34. h4
Nf7 35. Qc3 Kg8 36. Bb3 Qd6 37. Ne1 f4 38. Kg2 fxe3 39. fxe3 Kg7 40. Nf3 Re7
41. Rf1 Be6 42. Nd2 Bd5+ 43. e4 Bxb3 44. Nxb3 Rd7 45. Nc5 Re7 46. Qc4 Nd8 47.
a4 Nb7 48. Nb3 Rd7 49. Rf3 Nd8 50. a5 Ne6 51. a6 c5 52. Kh3 Nd4 53. Re3 Nxb3
54. Qxb3 Qb6 55. Qa4 Qe6+ 56. Kg2 Rd6 57. Qb5 Qa2+ 58. Kh3 Rxa6 59. Qxc5 Qe6+
60. g4 Ra1 61. Qc7+ Kh6 62. Rg3 Ra2 63. Qc5 Qf7 64. g5+ Kh5 65. Qg1 Qd7+ 66.
Rg4 Qxd3+ 67. Rg3 Qd7+ 0-1

[Event "1617LLO"]
[Site "Mecklenburg-Vorpommern"]
[Date "2016.12.04"]
[Round "4.6"]
[White "Kuehn, Peter"]
[Black "Schulz, Wolf Detlef"]
[Result "0-1"]
[WhiteElo "1793"]
[BlackElo "1723"]
[PlyCount "40"]
[EventDate "2016.11.06"]
[EventType "team-tourn"]
[EventRounds "9"]
[SourceDate "2016.10.16"]
[WhiteTeam "Waren/Malchow"]
[BlackTeam "SSC Graal-Mueritz"]

1. e4 e5 2. Nf3 Nc6 3. d4 exd4 4. Nxd4 Bc5 5. Be3 Qf6 6. c3 Nge7 7. Bc4 Ne5 8.
Be2 d5 9. O-O dxe4 10. Nb5 Qb6 11. Bxc5 Qxc5 12. b4 Qc6 13. Qd4 N5g6 14. Nd2
Bf5 15. Na3 O-O 16. g4 Nf4 17. Bb5 Qg6 18. Qe3 Ned5 19. Qg3 Bxg4 20. Rfe1 Nh5
0-1

[Event "1617LLO"]
[Site "Mecklenburg-Vorpommern"]
[Date "2016.12.04"]
[Round "4.7"]
[White "Micheel, Peter"]
[Black "Schreiner, Wolfgang"]
[Result "1/2-1/2"]
[WhiteElo "1697"]
[BlackElo "1786"]
[PlyCount "51"]
[EventDate "2016.11.06"]
[EventType "team-tourn"]
[EventRounds "9"]
[SourceDate "2016.10.16"]
[WhiteTeam "SSC Graal-Mueritz"]
[BlackTeam "Waren/Malchow"]

1. e4 c5 2. Nf3 e6 3. d4 cxd4 4. Nxd4 a6 5. Nc3 Qc7 6. Bd3 Nf6 7. O-O Be7 8. a4
O-O 9. Qe2 d6 10. Kh1 Nbd7 11. f4 Nc5 12. e5 Nxd3 13. cxd3 Ne8 14. Nf3 d5 15.
d4 g6 16. Be3 Bd7 17. Rfc1 Qb6 18. g4 Ng7 19. a5 Qb4 20. Ne1 Rac8 21. Nd3 Qb3
22. Qc2 Qxc2 23. Rxc2 Bb5 24. Nc5 Bxc5 25. dxc5 Bc6 26. Bd4 1/2-1/2

[Event "1617LLO"]
[Site "Mecklenburg-Vorpommern"]
[Date "2016.12.04"]
[Round "4.8"]
[White "Reeps, Rickert"]
[Black "Mueggenburg, Rolf"]
[Result "0-1"]
[WhiteElo "1696"]
[BlackElo "1511"]
[PlyCount "76"]
[EventDate "2016.11.06"]
[EventType "team-tourn"]
[EventRounds "9"]
[SourceDate "2016.10.16"]
[WhiteTeam "Waren/Malchow"]
[BlackTeam "SSC Graal-Mueritz"]

1. d4 d5 2. c4 c6 3. Nc3 Nf6 4. e3 g6 5. Nf3 Bg7 6. Bd3 O-O 7. O-O Nbd7 8. b3
Re8 9. Bb2 a6 10. Rc1 e6 11. Qc2 e5 12. dxe5 Ng4 13. cxd5 Ndxe5 14. Nxe5 Nxe5
15. Bc4 Qh4 16. Be2 Bf5 17. e4 Ng4 18. Bxg4 Bxg4 19. f3 Bd4+ 20. Kh1 Bd7 21.
Ne2 Be5 22. Bxe5 Rxe5 23. g3 Qe7 24. Nc3 Rc8 25. Qd2 Bh3 26. Rfd1 Qf6 27. Qf4
Qg7 28. g4 f6 29. dxc6 bxc6 30. Rd6 f5 31. Qg3 fxg4 32. fxg4 Qh6 33. Qxe5 Rf8
34. Qe6+ Kh8 35. Qe5+ Kg8 36. Qe6+ Kh8 37. Rcd1 Qf4 38. Rd8 Qf3+ 0-1

[Event "1617LLO"]
[Site "Mecklenburg-Vorpommern"]
[Date "2016.12.04"]
[Round "4.1"]
[White "Rickmann, Niklas"]
[Black "Lange, Jannis"]
[Result "0-1"]
[WhiteElo "1711"]
[BlackElo "1778"]
[PlyCount "69"]
[EventDate "2016.11.06"]
[EventType "team-tourn"]
[EventRounds "9"]
[SourceDate "2016.10.16"]
[WhiteTeam "FHSG Stralsund II"]
[BlackTeam "Motor Wolgast"]

1. e4 c5 2. Nf3 Nc6 3. d3 d6 4. Be3 Nf6 5. Be2 g6 6. O-O Bg7 7. c3 O-O 8. Na3
Rb8 9. Qc2 Ng4 10. d4 Nxe3 11. fxe3 a6 12. Rad1 Qc7 13. b4 b5 14. e5 cxb4 15.
cxb4 Qb6 16. exd6 Nxb4 17. Qb3 Qxd6 18. Ng5 Qd5 19. Nf3 Qxb3 20. axb3 Nd5 21.
Nc2 Bh6 22. Kf2 Nc3 23. Rd3 b4 24. Ne5 Bf5 25. Nxb4 Ne4+ 26. Ke1 Rxb4 27. Nc6
Rb7 28. g4 Bd7 29. Nxe7+ Kh8 30. Nd5 Bb5 31. Rd1 Bxe2 32. Kxe2 Rb5 33. Nc7 Rxb3
34. Rd3 Rb2+ 35. Kf3 0-1

[Event "1617LLO"]
[Site "Mecklenburg-Vorpommern"]
[Date "2016.12.04"]
[Round "4.2"]
[White "Tarasow, Alexey"]
[Black "Manke, Karsten"]
[Result "1-0"]
[WhiteElo "1861"]
[BlackElo "1746"]
[PlyCount "69"]
[EventDate "2016.11.06"]
[EventType "team-tourn"]
[EventRounds "9"]
[SourceDate "2016.10.16"]
[WhiteTeam "Motor Wolgast"]
[BlackTeam "FHSG Stralsund II"]

1. e4 c5 2. Nc3 Nc6 3. f4 d6 4. Nf3 a6 5. a4 e6 6. Bc4 Nf6 7. d3 Be7 8. O-O Qc7
9. Qe1 O-O 10. Qg3 Kh8 11. Bb3 Rb8 12. e5 Nd7 13. exd6 Bxd6 14. Ne4 Be7 15. Be3
b5 16. axb5 axb5 17. Qf2 Na5 18. Ba2 Nb7 19. c3 Nf6 20. Nxf6 Bxf6 21. Rac1 Bd7
22. d4 c4 23. Bb1 Bc6 24. Ne5 Bxe5 25. fxe5 Qe7 26. Qc2 f5 27. exf6 gxf6 28.
Rf4 Rg8 29. g3 Rg7 30. Rcf1 Rbg8 31. Rxf6 Rxg3+ 32. hxg3 Rxg3+ 33. Kh2 Rg2+ 34.
Qxg2 Bxg2 35. Kxg2 1-0

[Event "1617LLO"]
[Site "Mecklenburg-Vorpommern"]
[Date "2016.12.04"]
[Round "4.3"]
[White "Vietinghoff, Klaus"]
[Black "Riebort, Frank"]
[Result "0-1"]
[WhiteElo "1707"]
[BlackElo "1878"]
[PlyCount "94"]
[EventDate "2016.11.06"]
[EventType "team-tourn"]
[EventRounds "9"]
[SourceDate "2016.10.16"]
[WhiteTeam "FHSG Stralsund II"]
[BlackTeam "Motor Wolgast"]

1. f4 d5 2. Nf3 c5 3. e3 a6 4. b3 Nc6 5. d3 Nf6 6. Be2 e6 7. O-O Bd6 8. Qe1 O-O
9. g3 b5 10. Bb2 Bb7 11. Bd1 Be7 12. Nbd2 Qb6 13. Ne5 Rad8 14. Ndf3 Nd7 15. h4
Ncxe5 16. fxe5 f5 17. exf6 Bxf6 18. Bxf6 Rxf6 19. Ng5 Rdf8 20. Rxf6 Rxf6 21.
Bg4 Ne5 22. Qe2 h6 23. Bxe6+ Rxe6 24. Nxe6 Qxe6 25. Rf1 Ng4 26. Re1 Bc8 27. c3
Bd7 28. e4 Qe5 29. Kg2 dxe4 30. Qxe4 Qxe4+ 31. dxe4 Bc6 32. Kf3 Nf6 33. Kf4 Kf7
34. g4 Ke6 35. g5 hxg5+ 36. hxg5 Nh5+ 37. Kg4 g6 38. e5 Bd5 39. Re2 a5 40. Rd2
Kxe5 41. Re2+ Be4 42. Rd2 Ng7 43. Rd8 b4 44. cxb4 axb4 45. Rf8 Bf5+ 46. Kf3 Ne6
47. Re8 Kd4 0-1

[Event "1617LLO"]
[Site "Mecklenburg-Vorpommern"]
[Date "2016.12.04"]
[Round "4.4"]
[White "Rosin, Ralf"]
[Black "Vlach, Michael"]
[Result "1/2-1/2"]
[WhiteElo "1755"]
[BlackElo "1583"]
[PlyCount "56"]
[EventDate "2016.11.06"]
[EventType "team-tourn"]
[EventRounds "9"]
[SourceDate "2016.10.16"]
[WhiteTeam "Motor Wolgast"]
[BlackTeam "FHSG Stralsund II"]

1. d4 d5 2. Nf3 c6 3. e3 Bg4 4. Be2 Nd7 5. O-O Ngf6 6. Nc3 Qc7 7. h3 Bh5 8. Re1
e6 9. Nd2 Bxe2 10. Qxe2 Be7 11. e4 dxe4 12. Ndxe4 Nxe4 13. Nxe4 Nf6 14. c3 Qa5
15. Bf4 O-O 16. Be5 Ne8 17. b4 Qd8 18. Rad1 Nf6 19. Ng3 Nd5 20. Qg4 g6 21. Ne2
Bd6 22. Qg3 Bxe5 23. dxe5 Qe7 24. a3 a5 25. c4 Nb6 26. c5 Nd5 27. Nf4 Kh8 28.
Nxd5 cxd5 1/2-1/2